000 00864 a2200157 4500
003 Nust
005 20170207153309.0
040 _cNust
082 _a621.812
100 _aG.K. Dubey
245 _aThyristorised power controllers
260 _aLondon
_bWiley Eastren limited
_c1986
300 _a819
505 _aIntroduction (Page-1), Introduction To Thyristor And Its Control Circuits (Page-5), Line Commuted AC And DC Converters (Page-88), Cycloconverters (Page-193), AC Regulators (Page-236), Choppers (Page-271), Inverters (Page-315), Voltage Control And Harmonic Reduction In Inverters (Page-347), Power Factor Control (Page-428), Measurement And Sensing In Thyristorised Systems (Page-489), IC Logic And Control Circuits (Page-510), Power Converter Controls Using Plcs And Microcomputers (Page-675).
538 _aAlmirah No.36 Shelf No.1
650 _aThyristorised power controllers
999 _c183598
_d183598